| 000 | 01029nam a2200289 a 4500 | ||
|---|---|---|---|
| 005 | 20191224041623.0 | ||
| 008 | 140304b1999 ck |||||rm||| 00| 0 spa d | ||
| 040 |
_aCO-BoIAVH _cCO-BoIAVH |
||
| 041 | _aspa | ||
| 044 | _ack | ||
| 090 |
_aTE _b0110 |
||
| 100 | _aMendoza Sabogal, Javier Eduardo | ||
| 245 | _aAnálisis multitemporal (1940-1996) del cambio de la cobertura vegetal en dos áreas del borde sur occidental de la Sabana de Bogotá, Cundinamarca, Colombia | ||
| 260 |
_aBogotá _bPontificia Universidad Javeriana. Facultad de Ciencias _c1999 |
||
| 300 | _a123 | ||
| 650 | _aCobertura vegetal | ||
| 650 | _aAnálisis multitemporal | ||
| 650 | _aEcología del paisaje | ||
| 650 | _aUnidades de paisaje | ||
| 650 | _aImpacto humano | ||
| 650 | _aVegetación | ||
| 650 | _aFauna | ||
| 650 | _aUso del suelo | ||
| 650 | _aSistemas de información geográfica | ||
| 662 |
_aColombia _cSabana de Bogotá _bCundinamarca |
||
| 942 |
_cTESIS _2z _01 |
||
| 999 |
_c2104 _d2104 |
||